[Event "EU-ch (Women) 4th"]
[Site "Istanbul"]
[Date "2003.06.05"]
[Round "4"]
[White "Makropoulou, Marina"]
[Black "Moser, Eva"]
[Result "1-0"]
[WhiteElo "2234"]
[BlackElo "2341"]
[PlyCount "83"]
[EventDate "2003.06.02"]
[EventType "swiss"]
[EventRounds "11"]
[EventCountry "TUR"]
[SourceTitle "CBM 094 Extra"]
[Source "ChessBase"]
[SourceDate "2003.07.09"]
[SourceVersion "2"]
[SourceVersionDate "2003.07.09"]
[SourceQuality "1"]

1. e4 c5 2. Nf3 Nc6 3. Bb5 g6 4. c3 Bg7 5. d4 Qb6 6. Ba4 cxd4 7. O-O e5 8. Na3
Nge7 9. Nc4 Qc7 10. cxd4 exd4 11. g3 O-O 12. Bf4 d6 13. Nxd6 Bg4 14. Qb3 Bxf3
15. Nxf7 Na5 16. Ng5+ Qc4 17. Qxc4+ Nxc4 18. Nxf3 h6 19. Bb3 b5 20. Nd2 Rfc8
21. Rac1 Kh7 22. Nxc4 bxc4 23. Bxc4 a5 24. Bb5 g5 25. Bd2 Ng6 26. f4 gxf4 27.
gxf4 Nh4 28. Rxc8 Rxc8 29. Bd3 Rb8 30. e5+ Ng6 31. b3 a4 32. Rf3 axb3 33. axb3
Rb6 34. Rg3 h5 35. b4 Bh6 36. Rxg6 Rxg6+ 37. Bxg6+ Kxg6 38. b5 Bf8 39. Kg2 Bc5
40. Kf3 Kf5 41. Ba5 d3 42. b6 1-0

[Event "EU-ch (Women) 4th"]
[Site "Istanbul"]
[Date "2003.06.04"]
[Round "3"]
[White "Cedikova, Katerina"]
[Black "Moser, Eva"]
[Result "1-0"]
[WhiteElo "2181"]
[BlackElo "2341"]
[PlyCount "77"]
[EventDate "2003.06.02"]
[EventType "swiss"]
[EventRounds "11"]
[EventCountry "TUR"]
[SourceTitle "CBM 094 Extra"]
[Source "ChessBase"]
[SourceDate "2003.07.09"]
[SourceVersion "2"]
[SourceVersionDate "2003.07.09"]
[SourceQuality "1"]

1. d4 Nf6 2. c4 g6 3. Nc3 Bg7 4. e4 O-O 5. f3 c6 6. Be3 d5 7. e5 Ne8 8. cxd5
cxd5 9. f4 Nc6 10. h3 f6 11. Nf3 Bh6 12. g3 Be6 13. Bg2 Qd7 14. Qe2 Bg7 15. g4
Nc7 16. O-O Rad8 17. Rad1 Na5 18. b3 Nc6 19. Na4 Na6 20. Ne1 fxe5 21. fxe5
Rxf1+ 22. Bxf1 h5 23. Qc2 hxg4 24. Bxa6 bxa6 25. Qxg6 Bf5 26. Qg5 Rf8 27. Nc5
Qc8 28. Ng2 gxh3 29. Nh4 e6 30. Kh2 Qd8 31. Qf4 Qe7 32. Rg1 Nd8 33. Qh6 Rf7 34.
Nxf5 exf5 35. Bg5 Qc7 36. Bxd8 Qxd8 37. Ne6 Qc8 38. Nxg7 Qc2+ 39. Kxh3 1-0

[Event "EU-ch (Women) 4th"]
[Site "Istanbul"]
[Date "2003.06.03"]
[Round "2"]
[White "Moser, Eva"]
[Black "Peng, Zhaoqin"]
[Result "0-1"]
[WhiteElo "2341"]
[BlackElo "2433"]
[PlyCount "134"]
[EventDate "2003.06.02"]
[EventType "swiss"]
[EventRounds "11"]
[EventCountry "TUR"]
[SourceTitle "CBM 094 Extra"]
[Source "ChessBase"]
[SourceDate "2003.07.09"]
[SourceVersion "2"]
[SourceVersionDate "2003.07.09"]
[SourceQuality "1"]

1. e4 c5 2. Nf3 Nc6 3. Bb5 e6 4. Bxc6 bxc6 5. d3 Qc7 6. Nc3 e5 7. O-O Ne7 8.
Nh4 Ng6 9. Qh5 Nxh4 10. Qxh4 Be7 11. Qg3 g5 12. Nd1 d6 13. c3 Be6 14. b4 cxb4
15. cxb4 a5 16. bxa5 Rxa5 17. Nc3 h5 18. Bd2 h4 19. Qe3 Qa7 20. Qxa7 Rxa7 21.
a4 Bd8 22. Rfb1 O-O 23. Nd1 f6 24. Be3 c5 25. Nc3 Ba5 26. Nb5 Ra6 27. Kf1 Rc8
28. Ke2 Kf7 29. Bd2 Ke7 30. Bxa5 Rxa5 31. Nc3 Kd7 32. Rb6 c4 33. Nb5 cxd3+ 34.
Kxd3 Bc4+ 35. Ke3 Bxb5 36. Rxb5 Rxb5 37. axb5 Rc3+ 38. Kd2 Rb3 39. Ra7+ Ke6 40.
Rb7 Rb2+ 41. Ke3 f5 42. exf5+ Kxf5 43. Rf7+ Ke6 44. Rg7 Kf6 45. Rd7 Ke6 46. Rg7
Rb3+ 47. Ke2 Rb2+ 48. Ke3 Rxb5 49. Rxg5 h3 50. g3 Rb3+ 51. Ke2 Rb2+ 52. Ke3 d5
53. f4 d4+ 54. Kf3 Rb3+ 55. Kf2 Rb2+ 56. Kf3 exf4 57. gxf4 Rxh2 58. Ke4 Rh1 59.
Rg6+ Kf7 60. Kf5 h2 61. Rg2 d3 62. Rd2 Ke7 63. Ra2 Kd6 64. Kf6 Kd5 65. f5 Kd4
66. Kf7 Ke3 67. f6 d2 0-1

[Event "EU-ch (Women) 4th"]
[Site "Istanbul"]
[Date "2003.06.02"]
[Round "1"]
[White "Moser, Eva"]
[Black "Jiretorn, Eva"]
[Result "1-0"]
[WhiteElo "2341"]
[BlackElo "2106"]
[PlyCount "103"]
[EventDate "2003.06.02"]
[EventType "swiss"]
[EventRounds "11"]
[EventCountry "TUR"]
[SourceTitle "CBM 094 Extra"]
[Source "ChessBase"]
[SourceDate "2003.07.09"]
[SourceVersion "2"]
[SourceVersionDate "2003.07.09"]
[SourceQuality "1"]

1. e4 c5 2. d3 Nc6 3. g3 d6 4. Bg2 Nf6 5. f4 g6 6. Nf3 Bg7 7. O-O O-O 8. Nh4 c4
9. Kh1 cxd3 10. cxd3 Bg4 11. Qd2 Bd7 12. Nc3 Rc8 13. Nf3 a6 14. Qc2 b5 15. Be3
b4 16. Nd1 Qa5 17. Bg1 Bg4 18. Qd2 Qb5 19. Ne3 Bd7 20. Rac1 a5 21. Nc4 Be6 22.
Ng5 Bxc4 23. dxc4 Qa6 24. Rfe1 h6 25. Nf3 Rcd8 26. Qe2 Nd7 27. Red1 a4 28. h4
Qa5 29. Rd5 Qa6 30. Rdd1 Qa5 31. Rd5 Qa6 32. h5 Nf6 33. hxg6 Nxd5 34. exd5 Nb8
35. gxf7+ Rxf7 36. Bh3 Rff8 37. Nh4 Qb7 38. Be6+ Rf7 39. Bxf7+ Kxf7 40. Qe6+
Ke8 41. Qg8+ Bf8 42. Ng6 Nd7 43. Re1 Rc8 44. Rxe7+ Kd8 45. Nxf8 Kxe7 46. Ng6+
Kf6 47. Bd4+ Ne5 48. fxe5+ dxe5 49. Qe6+ Kg7 50. Nxe5 Rc7 51. Nd7+ Kh7 52. Nf8#
1-0

[Event "AUT-chT2M 0203"]
[Site "Austria"]
[Date "2003.03.22"]
[Round "10"]
[White "Moser, Eva"]
[Black "Kranzl, Peter"]
[Result "1-0"]
[WhiteElo "2341"]
[BlackElo "2247"]
[PlyCount "91"]
[EventDate "2002.10.11"]
[EventType "team-tourn"]
[EventRounds "11"]
[EventCountry "AUT"]
[SourceTitle "EXT 2004"]
[Source "ChessBase"]
[SourceDate "2003.11.25"]
[SourceVersion "1"]
[SourceVersionDate "2003.11.25"]
[SourceQuality "1"]

1. e4 c6 2. d4 d5 3. e5 Bf5 4. Nc3 e6 5. g4 Bg6 6. Nge2 f6 7. h4 c5 8. Nf4 Bf7
9. exf6 Nc6 10. fxg7 Bxg7 11. dxc5 Qa5 12. Bd2 Qxc5 13. Bg2 Nge7 14. O-O O-O-O
15. Nd3 Qd6 16. Nb5 Qb8 17. Bf4 e5 18. Bg3 a6 19. Nc3 Qa7 20. Qd2 h5 21. g5 Ng6
22. a4 Rhe8 23. a5 Kb8 24. Na4 Rd6 25. Nac5 Nd4 26. f3 Ka8 27. b4 Rc6 28. Bf2
Qb8 29. Nd7 Qd8 30. Nb6+ Kb8 31. Nc5 Qd6 32. Rad1 Re7 33. c3 Nf5 34. Qe1 Nf4
35. Kh1 Bg6 36. Ra1 Bf7 37. Ra2 e4 38. fxe4 dxe4 39. Rd2 Qc7 40. Nxe4 Nxg2 41.
Qd1 Re8 42. Kxg2 Be6 43. Nc5 Rxc5 44. bxc5 Bxc3 45. Rd3 Bxa5 46. Qa4 1-0

[Event "BL 0203 (Women)"]
[Site "Germany"]
[Date "2003.03.16"]
[Round "11.3"]
[White "Jahn, Constanze"]
[Black "Moser, Eva"]
[Result "1/2-1/2"]
[WhiteElo "2228"]
[BlackElo "2335"]
[PlyCount "97"]
[EventDate "2002.10.12"]
[EventType "team-tourn"]
[EventRounds "11"]
[EventCountry "GER"]
[SourceTitle "EXT 2004"]
[Source "ChessBase"]
[SourceDate "2003.11.25"]
[SourceVersion "1"]
[SourceVersionDate "2003.11.25"]
[SourceQuality "1"]
[WhiteTeam "Halle"]
[BlackTeam "Dresden SC"]
[WhiteTeamCountry "GER"]
[BlackTeamCountry "GER"]

1. e4 d6 2. d4 Nf6 3. Nc3 Nbd7 4. g3 e5 5. Nge2 g6 6. Bg2 Bg7 7. O-O O-O 8. d5
Nb6 9. a4 a5 10. Nb5 Ne8 11. f4 exf4 12. Nxf4 Nc4 13. c3 Nf6 14. h3 Re8 15. b3
Nb6 16. Qd3 Nbd7 17. Ba3 b6 18. Nd4 Ba6 19. c4 Bb7 20. Rae1 Nc5 21. Bxc5 bxc5
22. Nf3 Nd7 23. Kh2 Bc8 24. Qc2 Ne5 25. Nd3 Nxf3+ 26. Rxf3 Re7 27. e5 dxe5 28.
Nxc5 f5 29. Rfe3 Qd6 30. Nd3 e4 31. Nf4 Qc5 32. h4 Be5 33. Qd2 Bd4 34. R3e2 Bf6
35. Rd1 Ra6 36. Qe3 Qxe3 37. Rxe3 Re8 38. Bf1 Be7 39. c5 Bxc5 40. Rc3 Bb4 41.
Rxc7 Rd6 42. Rdc1 Bd7 43. Ra7 h6 44. Rcc7 g5 45. Nh5 Rc8 46. Rxd7 Rxd7 47. Rxd7
Rc2+ 48. Kh1 Rc1 49. Nf6+ 1/2-1/2

[Event "BL 0203 (Women)"]
[Site "Germany"]
[Date "2003.03.15"]
[Round "10.3"]
[White "Moser, Eva"]
[Black "Guenther, Anetta"]
[Result "1-0"]
[WhiteElo "2335"]
[BlackElo "2125"]
[PlyCount "73"]
[EventDate "2002.10.12"]
[EventType "team-tourn"]
[EventRounds "11"]
[EventCountry "GER"]
[SourceTitle "EXT 2004"]
[Source "ChessBase"]
[SourceDate "2003.11.25"]
[SourceVersion "1"]
[SourceVersionDate "2003.11.25"]
[SourceQuality "1"]
[WhiteTeam "Dresden SC"]
[BlackTeam "Rodewisch"]
[WhiteTeamCountry "GER"]
[BlackTeamCountry "GER"]

1. e4 c5 2. d3 Nc6 3. g3 g6 4. Bg2 Bg7 5. f4 d6 6. Nf3 e6 7. O-O Nge7 8. c3 O-O
9. Be3 Rb8 10. d4 b6 11. Bf2 Bb7 12. Na3 a6 13. Re1 Qc7 14. Rc1 Rfd8 15. Qe2
Qd7 16. Nc4 cxd4 17. Nxb6 Qc7 18. Na4 Qa5 19. b3 e5 20. Rcd1 exf4 21. cxd4 fxg3
22. hxg3 Qb4 23. d5 Ne5 24. Nd4 Bc8 25. Rc1 Qb7 26. Nf3 Bg4 27. Qe3 Rbc8 28.
Nxe5 Bxe5 29. Nb6 Rxc1 30. Rxc1 f5 31. exf5 Bxf5 32. a4 a5 33. Nc4 Qb4 34. Nxe5
dxe5 35. Qxe5 Kf7 36. Bc5 Qb7 37. d6 1-0

[Event "BL 0203 (Women)"]
[Site "Germany"]
[Date "2003.02.16"]
[Round "9.2"]
[White "Dworakowska, Joanna"]
[Black "Moser, Eva"]
[Result "0-1"]
[WhiteElo "2414"]
[BlackElo "2335"]
[PlyCount "82"]
[EventDate "2002.10.12"]
[EventType "team-tourn"]
[EventRounds "11"]
[EventCountry "GER"]
[SourceTitle "EXT 2004"]
[Source "ChessBase"]
[SourceDate "2003.11.25"]
[SourceVersion "1"]
[SourceVersionDate "2003.11.25"]
[SourceQuality "1"]
[WhiteTeam "Hamburg"]
[BlackTeam "Dresden SC"]
[WhiteTeamCountry "GER"]
[BlackTeamCountry "GER"]

1. e4 c5 2. Nc3 Nc6 3. Bb5 Nd4 4. Bc4 g6 5. Nf3 Bg7 6. Nxd4 cxd4 7. Qf3 Nf6 8.
Nb5 O-O 9. Nxd4 Ng4 10. c3 Ne5 11. Qe2 Nxc4 12. Qxc4 b6 13. O-O Bb7 14. Qe2 f5
15. e5 f4 16. Re1 e6 17. Qg4 Qb8 18. d3 Bxe5 19. Nxe6 Rf5 20. d4 Bd6 21. Ng5 h5
22. Qh4 Qf8 23. Nf3 Qf7 24. Ne5 Bxe5 25. dxe5 g5 26. Qh3 Re8 27. Qd3 Rfxe5 28.
Bd2 Be4 29. Qf1 Qd5 30. Qe2 Bc2 31. Qxh5 Qxd2 32. Qxe8+ Rxe8 33. Rxe8+ Kf7 34.
Rae1 Bf5 35. R8e2 Qd3 36. Re7+ Kf6 37. f3 Be6 38. Re8 Qd2 39. Rf1 Qxb2 40. Rh8
Qxc3 41. h4 gxh4 0-1

[Event "BL 0203 (Women)"]
[Site "Germany"]
[Date "2003.02.15"]
[Round "8.2"]
[White "Moser, Eva"]
[Black "Schleining, Zoya"]
[Result "1-0"]
[WhiteElo "2335"]
[BlackElo "2369"]
[PlyCount "57"]
[EventDate "2002.10.12"]
[EventType "team-tourn"]
[EventRounds "11"]
[EventCountry "GER"]
[SourceTitle "EXT 2004"]
[Source "ChessBase"]
[SourceDate "2003.11.25"]
[SourceVersion "1"]
[SourceVersionDate "2003.11.25"]
[SourceQuality "1"]
[WhiteTeam "Dresden SC"]
[BlackTeam "Emsdetten Turm (W)"]
[WhiteTeamCountry "GER"]
[BlackTeamCountry "GER"]

1. e4 d6 2. d3 g6 3. f4 Bg7 4. Nf3 Nf6 5. Be2 O-O 6. O-O Nc6 7. Qe1 e5 8. f5 d5
9. fxg6 hxg6 10. Nc3 d4 11. Nb5 a6 12. Na3 Nh7 13. Qg3 Be6 14. Nc4 Bxc4 15.
dxc4 Qe7 16. Ng5 Nxg5 17. Bxg5 Qc5 18. Bd3 Rae8 19. Qh4 Re6 20. Rf3 f6 21. Bd2
Kf7 22. Qg4 a5 23. a3 Rg8 24. Raf1 b6 25. Rg3 Bh8 26. Qh3 Re7 27. Qh7+ Kf8 28.
Bh6+ Bg7 29. Rxf6+ 1-0

[Event "Wch U20 Girls 19th"]
[Site "Goa"]
[Date "2002.12.20"]
[Round "13"]
[White "Kosintseva, Nadezhda"]
[Black "Moser, Eva"]
[Result "1-0"]
[WhiteElo "2388"]
[BlackElo "2371"]
[PlyCount "77"]
[EventDate "2002.12.09"]
[EventType "swiss"]
[EventRounds "13"]
[EventCountry "IND"]
[SourceTitle "CBM 091 Extra"]
[Source "ChessBase"]
[SourceDate "2003.01.09"]
[SourceVersion "1"]
[SourceVersionDate "2003.01.09"]
[SourceQuality "1"]

1. e4 c6 2. d4 g6 3. f4 d5 4. e5 h5 5. Nf3 Bg4 6. Be3 Qb6 7. b3 e6 8. h3 Bxf3
9. Qxf3 h4 10. Bd3 Nh6 11. O-O Nf5 12. Bxf5 gxf5 13. c4 Be7 14. Nc3 dxc4 15.
bxc4 Qa6 16. Rab1 Qxc4 17. Rfc1 Qa6 18. d5 Ba3 19. Nb5 O-O 20. Nxa3 Qxa3 21. d6
b6 22. Rb3 Qxa2 23. Bf2 f6 24. Bxh4 Nd7 25. Rxc6 Rf7 26. Bxf6 Nxf6 27. exf6
Qa1+ 28. Kh2 Qxf6 29. Rcxb6 Raf8 30. Rb7 Qd4 31. Qg3+ Rg7 32. Rxg7+ Qxg7 33.
Qxg7+ Kxg7 34. Rb7+ Kf6 35. Rxa7 Rd8 36. d7 Ke7 37. g4 Rb8 38. g5 Kd8 39. g6
1-0

[Event "Wch U20 Girls 19th"]
[Site "Goa"]
[Date "2002.12.18"]
[Round "11"]
[White "Moser, Eva"]
[Black "Zhao, Xue"]
[Result "1/2-1/2"]
[WhiteElo "2371"]
[BlackElo "2367"]
[PlyCount "125"]
[EventDate "2002.12.09"]
[EventType "swiss"]
[EventRounds "13"]
[EventCountry "IND"]
[SourceTitle "CBM 091 Extra"]
[Source "ChessBase"]
[SourceDate "2003.01.09"]
[SourceVersion "1"]
[SourceVersionDate "2003.01.09"]
[SourceQuality "1"]

1. e4 c5 2. d3 Nc6 3. g3 g6 4. Bg2 Bg7 5. f4 d6 6. Nf3 Nf6 7. O-O O-O 8. Nh4
Rb8 9. Kh1 Bg4 10. Qe1 Bd7 11. a4 a6 12. a5 Ne8 13. f5 e6 14. fxg6 hxg6 15. Nf3
Qc7 16. g4 Nf6 17. Qh4 Nh7 18. Ng5 Nxg5 19. Bxg5 b6 20. d4 f6 21. Bxf6 Nxd4 22.
g5 Bb5 23. Rf2 bxa5 24. Na3 a4 25. c3 Nb3 26. Re1 Rf7 27. Re3 Bxf6 28. gxf6 Rh7
29. Qg4 Kf7 30. Rh3 Rbh8 31. Rxh7+ Rxh7 32. Bh3 Be8 33. Qxe6+ Kf8 34. Bf1 Bd7
35. Qd5 Bc6 36. Qd3 Rh4 37. Bg2 d5 38. h3 dxe4 39. Qe3 Qe5 40. Nc4 Qd5 41. Nb6
Qd1+ 42. Rf1 Qd2 43. Qg3 Rh7 44. Nc4 Qd8 45. Qxg6 Qc7 46. f7 Rh8 47. Qg5 e3 48.
Nxe3 Rxh3+ 49. Kg1 Qh2+ 50. Kf2 Rf3+ 51. Ke2 Rxf1 52. Kxf1 Bxg2+ 53. Nxg2 Kxf7
54. Qf5+ Ke7 55. Qe4+ Kd6 56. Qxa4 Nd2+ 57. Kf2 Ke7 58. Qc2 Qd6 59. Ke2 Qh2 60.
Kf2 Qd6 61. Ke2 Qh2 62. Kf2 Qd6 63. Ke2 1/2-1/2

[Event "Wch U20 Girls 19th"]
[Site "Goa"]
[Date "2002.12.16"]
[Round "9"]
[White "Moser, Eva"]
[Black "Calotescu, Ana Cristina"]
[Result "1/2-1/2"]
[WhiteElo "2371"]
[BlackElo "2324"]
[PlyCount "192"]
[EventDate "2002.12.09"]
[EventType "swiss"]
[EventRounds "13"]
[EventCountry "IND"]
[SourceTitle "CBM 091 Extra"]
[Source "ChessBase"]
[SourceDate "2003.01.09"]
[SourceVersion "1"]
[SourceVersionDate "2003.01.09"]
[SourceQuality "1"]

1. d4 Nf6 2. g3 g6 3. Bg2 Bg7 4. e4 d6 5. Ne2 O-O 6. O-O e5 7. h3 c6 8. a4 Nbd7
9. Be3 d5 10. Nbc3 Nxe4 11. Nxe4 dxe4 12. Bxe4 exd4 13. Bxd4 Ne5 14. Kh2 Qe7
15. f4 Ng4+ 16. hxg4 Qxe4 17. Bxg7 Kxg7 18. Nc3 Qb4 19. f5 f6 20. a5 h5 21. Ra4
Qxb2 22. Qd3 hxg4 23. Rb1 Bxf5 24. Rxb2 Bxd3 25. Rxb7+ Rf7 26. Rxf7+ Kxf7 27.
cxd3 Rd8 28. d4 f5 29. a6 Rb8 30. Kg2 Rb2+ 31. Kf1 Ke6 32. Ra5 g5 33. Re5+ Kf6
34. Rc5 f4 35. Rxc6+ Ke7 36. Rc7+ Kd6 37. Rxa7 Rb3 38. Ne4+ Kd5 39. Nd2 Ra3 40.
Rd7+ Kc6 41. Rg7 fxg3 42. Rg6+ Kd5 43. Rxg5+ Kxd4 44. Rxg4+ Kc5 45. Ne4+ Kd5
46. Kg2 Rxa6 47. Nc3+ Kc5 48. Ne4+ Kd5 49. Kxg3 Ke5 50. Nf2 Ra3+ 51. Kh4 Rf3
52. Nh3 Rf8 53. Kg3 Ra8 54. Ng5 Kf5 55. Nf3 Ke6 56. Rd4 Ra5 57. Kf4 Rf5+ 58.
Ke4 Ra5 59. Rb4 Kd6 60. Rb6+ Kc5 61. Rb8 Ra1 62. Ke5 Kc4 63. Rd8 Ra7 64. Rd4+
Kc5 65. Ke4 Ra1 66. Rd5+ Kc6 67. Nd4+ Kc7 68. Rc5+ Kd7 69. Kd5 Rh1 70. Nf3 Rd1+
71. Ke5 Rh1 72. Rd5+ Kc7 73. Ng5 Re1+ 74. Ne4 Rh1 75. Rd3 Rh5+ 76. Kd4 Rh1 77.
Rc3+ Kb6 78. Rg3 Rd1+ 79. Kc4 Rc1+ 80. Nc3 Rh1 81. Rg6+ Kc7 82. Kc5 Kd7 83. Nd5
Rc1+ 84. Kb5 Rb1+ 85. Nb4 Rh1 86. Nd3 Kc7 87. Ne5 Rh5 88. Re6 Rh1 89. Rc6+ Kd8
90. Re6 Kc7 91. Kc5 Rc1+ 92. Nc4 Kd7 93. Re3 Rh1 94. Nb6+ Kd8 95. Re6 Rc1+ 96.
Kd6 Rc6+ 1/2-1/2

[Event "Wch U20 Girls 19th"]
[Site "Goa"]
[Date "2002.12.15"]
[Round "8"]
[White "Harika, Dronavalli"]
[Black "Moser, Eva"]
[Result "0-1"]
[WhiteElo "2248"]
[BlackElo "2371"]
[PlyCount "43"]
[EventDate "2002.12.09"]
[EventType "swiss"]
[EventRounds "13"]
[EventCountry "IND"]
[SourceTitle "CBM 091 Extra"]
[Source "ChessBase"]
[SourceDate "2003.01.09"]
[SourceVersion "1"]
[SourceVersionDate "2003.01.09"]
[SourceQuality "1"]

1. d4 d6 2. Nf3 Bg4 3. g3 Bxf3 4. exf3 d5 5. Bg2 g6 6. f4 e6 7. Nd2 Bg7 8. Nf3
Ne7 9. O-O Nf5 10. b3 Nd7 11. Ne5 Rc8 12. Bh3 c6 13. Bb2 Nf6 14. Qd2 Qc7 15. f3
b6 16. Bxf5 exf5 17. Rae1 Rd8 18. c4 Qb7 19. Qc2 Bf8 20. a4 Nh5 21. Bc3 f6 22.
Qd2 0-1

[Event "Wch U20 Girls 19th"]
[Site "Goa"]
[Date "2002.12.13"]
[Round "7"]
[White "Moser, Eva"]
[Black "Vinuthna, N."]
[Result "1-0"]
[WhiteElo "2371"]
[BlackElo "2089"]
[PlyCount "126"]
[EventDate "2002.12.09"]
[EventType "swiss"]
[EventRounds "13"]
[EventCountry "IND"]
[SourceTitle "CBM 091 Extra"]
[Source "ChessBase"]
[SourceDate "2003.01.09"]
[SourceVersion "1"]
[SourceVersionDate "2003.01.09"]
[SourceQuality "1"]

1. e4 c5 2. d3 Nc6 3. g3 g6 4. Bg2 Bg7 5. f4 e6 6. Nf3 Nge7 7. O-O d6 8. c3 O-O
9. Be3 b6 10. Na3 Ba6 11. Re1 Rc8 12. d4 cxd4 13. Nxd4 Nxd4 14. Bxd4 e5 15. Be3
Qd7 16. Qd2 Rfd8 17. Rad1 Qe6 18. Nc2 Nc6 19. Qf2 exf4 20. gxf4 f5 21. exf5
Qxf5 22. Bd5+ Kh8 23. Bxc6 Rxc6 24. Nb4 Qc8 25. Nxc6 Qxc6 26. Qg2 Qc7 27. Bd4
Bb7 28. Qg5 Bxd4+ 29. cxd4 Rf8 30. Qe7 Qc8 31. h3 Rxf4 32. Qe8+ Rf8 33. Qxc8
Bxc8 34. Kg2 Bb7+ 35. d5 Kg7 36. Re7+ Rf7 37. Rxf7+ Kxf7 38. Kf3 g5 39. Ke4 Bc8
40. Rd3 Kg6 41. Rc3 Bf5+ 42. Kd4 h5 43. Rc6 Bxh3 44. Rxd6+ Kf5 45. Rh6 h4 46.
d6 Kf4 47. Rf6+ Kg3 48. Rg6 Kf4 49. Rf6+ Kg3 50. Ke3 Bd7 51. Rf7 Be6 52. Rf3+
Kg2 53. Rf6 Bd7 54. Rf7 Be6 55. Re7 Bc8 56. Rc7 Be6 57. d7 Bxd7 58. Rxd7 g4 59.
Kf4 g3 60. Rd2+ Kh3 61. Kf3 a5 62. a4 b5 63. axb5 a4 1-0

[Event "Wch U20 Girls 19th"]
[Site "Goa"]
[Date "2002.12.12"]
[Round "5"]
[White "Moser, Eva"]
[Black "Priya Panneer, Ramachandran"]
[Result "0-1"]
[WhiteElo "2371"]
[BlackElo "2106"]
[PlyCount "114"]
[EventDate "2002.12.09"]
[EventType "swiss"]
[EventRounds "13"]
[EventCountry "IND"]
[SourceTitle "CBM 091 Extra"]
[Source "ChessBase"]
[SourceDate "2003.01.09"]
[SourceVersion "1"]
[SourceVersionDate "2003.01.09"]
[SourceQuality "1"]

1. g3 Nf6 2. Bg2 e6 3. d3 d5 4. Nd2 b6 5. e4 dxe4 6. Nxe4 c6 7. Ne2 Be7 8. a4
Bb7 9. a5 O-O 10. O-O Qc7 11. d4 Nxe4 12. Bxe4 Rd8 13. c3 c5 14. axb6 Qxb6 15.
Qc2 Bxe4 16. Qxe4 Nd7 17. Re1 Nf6 18. Qf3 Nd5 19. dxc5 Bxc5 20. b4 Be7 21. Ra5
Nxb4 22. cxb4 Bxb4 23. Rg5 Bxe1 24. Qf6 g6 25. Bb2 e5 26. Qxb6 axb6 27. Rxe5
Re8 28. Rxe8+ Rxe8 29. Nf4 f5 30. Kf1 Bd2 31. Nd5 Re6 32. Nf6+ Kf7 33. Nxh7 g5
34. f4 Re1+ 35. Kf2 gxf4 36. gxf4 Rb1 37. Be5 b5 38. Ng5+ Kg6 39. Nf3 Ba5 40.
Nh4+ Kf7 41. Nxf5 b4 42. Nd6+ Ke6 43. Nc4 Bd8 44. Ke2 Kd5 45. Nd2 Rc1 46. Kd3
Be7 47. Bb2 Rd1 48. Bg7 Rg1 49. Bd4 Rh1 50. f5 Rxh2 51. f6 Rh3+ 52. Kc2 Kxd4
53. fxe7 Re3 54. Nb3+ Kc4 55. Nd2+ Kb5 56. Nb3 Rxe7 57. Nd4+ Kc4 0-1

[Event "Wch U20 Girls 19th"]
[Site "Goa"]
[Date "2002.12.11"]
[Round "4"]
[White "Drljevic, Ljilja"]
[Black "Moser, Eva"]
[Result "1/2-1/2"]
[WhiteElo "2139"]
[BlackElo "2371"]
[PlyCount "54"]
[EventDate "2002.12.09"]
[EventType "swiss"]
[EventRounds "13"]
[EventCountry "IND"]
[SourceTitle "CBM 091 Extra"]
[Source "ChessBase"]
[SourceDate "2003.01.09"]
[SourceVersion "1"]
[SourceVersionDate "2003.01.09"]
[SourceQuality "1"]

1. e4 c5 2. d3 Nc6 3. g3 g6 4. Bg2 Bg7 5. Nf3 e5 6. O-O Nge7 7. c3 O-O 8. a3 d5
9. Qe2 h6 10. b4 d4 11. bxc5 dxc3 12. Nxc3 Qa5 13. Nd5 Qxc5 14. Be3 Qd6 15.
Rac1 b6 16. Qd2 Kh7 17. d4 Nxd5 18. exd5 Nxd4 19. Nxd4 exd4 20. Bf4 Qxa3 21. d6
Qc3 22. Ra1 Qxd2 23. Rxa7 Be6 24. Bxd2 Bf6 25. d7 Kg7 26. Bc6 Bf5 27. Rd1 Bxd7
1/2-1/2

[Event "Wch U20 Girls 19th"]
[Site "Goa"]
[Date "2002.12.10"]
[Round "3"]
[White "Moser, Eva"]
[Black "Tian, Tian"]
[Result "0-1"]
[WhiteElo "2371"]
[BlackElo "2311"]
[PlyCount "39"]
[EventDate "2002.12.09"]
[EventType "swiss"]
[EventRounds "13"]
[EventCountry "IND"]
[SourceTitle "CBM 091 Extra"]
[Source "ChessBase"]
[SourceDate "2003.01.09"]
[SourceVersion "1"]
[SourceVersionDate "2003.01.09"]
[SourceQuality "1"]

1. g3 d5 2. Bg2 Nf6 3. Nf3 c6 4. d3 Bf5 5. Nbd2 e6 6. e4 Be7 7. h3 O-O 8. Nh2
Nfd7 9. f4 a5 10. a4 Na6 11. Qe2 Re8 12. Nb1 Ndc5 13. Nc3 Nb4 14. Ng4 Bf6 15.
Be3 Be7 16. Qf2 Qc7 17. Rd1 Nd7 18. Nh2 Nf6 19. Bc5 Bd8 20. Rd2 0-1

[Event "Wch U20 Girls 19th"]
[Site "Goa"]
[Date "2002.12.10"]
[Round "2"]
[White "Tsai, Cindy"]
[Black "Moser, Eva"]
[Result "1/2-1/2"]
[WhiteElo "2204"]
[BlackElo "2371"]
[PlyCount "140"]
[EventDate "2002.12.09"]
[EventType "swiss"]
[EventRounds "13"]
[EventCountry "IND"]
[SourceTitle "CBM 091 Extra"]
[Source "ChessBase"]
[SourceDate "2003.01.09"]
[SourceVersion "1"]
[SourceVersionDate "2003.01.09"]
[SourceQuality "1"]

1. d4 Nf6 2. c4 g6 3. Nc3 Bg7 4. e4 O-O 5. f3 c6 6. Be3 d5 7. e5 Ne8 8. f4 dxc4
9. Bxc4 Nc7 10. Nge2 Nd7 11. O-O Nb6 12. Bb3 Ncd5 13. Bd2 Bf5 14. Nxd5 Nxd5 15.
Ng3 Qb6 16. Nxf5 gxf5 17. Bc1 Rad8 18. Kh1 e6 19. Rf3 Ne7 20. Rd3 Qa6 21. Be3
Rd7 22. Rc1 Nd5 23. Bxd5 Rxd5 24. Ra3 Qb6 25. Qe2 a6 26. Rb3 Qc7 27. Bf2 f6 28.
Rcc3 fxe5 29. dxe5 Rfd8 30. Rd3 Rxd3 31. Rxd3 Rd5 32. h3 Qd7 33. Rxd5 Qxd5 34.
Qh5 Qd7 35. Bc5 Qf7 36. Qg5 Qd7 37. Bd6 h6 38. Qg6 Qf7 39. Qg3 Kh7 40. Qb3 Qd7
41. g4 fxg4 42. hxg4 Kh8 43. Kh2 Qc8 44. Kg3 c5 45. Qc4 b6 46. b4 h5 47. bxc5
bxc5 48. gxh5 Qg8 49. Kf3 Qf7 50. Bxc5 Bxe5 51. Ke3 Bg7 52. Bd4 Qxh5 53. Bxg7+
Kxg7 54. Qxe6 Qh2 55. f5 Qg1+ 56. Ke4 Qg2+ 57. Ke5 Qb2+ 58. Kd6 Qd4+ 59. Ke7
Qc5+ 60. Kd7 Qb5+ 61. Kc7 Qc5+ 62. Kb7 a5 63. Qg6+ Kf8 64. Qf6+ Kg8 65. Qe6+
Kg7 66. f6+ Kf8 67. a4 Qc7+ 68. Ka6 Qa7+ 69. Kb5 Qc5+ 70. Ka6 Qa7+ 1/2-1/2

[Event "Wch U20 Girls 19th"]
[Site "Goa"]
[Date "2002.12.09"]
[Round "1"]
[White "Moser, Eva"]
[Black "Soumya, Swaminathan"]
[Result "1-0"]
[WhiteElo "2371"]
[BlackElo "2095"]
[PlyCount "89"]
[EventDate "2002.12.09"]
[EventType "swiss"]
[EventRounds "13"]
[EventCountry "IND"]
[SourceTitle "CBM 091 Extra"]
[Source "ChessBase"]
[SourceDate "2003.01.09"]
[SourceVersion "1"]
[SourceVersionDate "2003.01.09"]
[SourceQuality "1"]

1. e4 c5 2. d3 Nc6 3. g3 g6 4. Bg2 Bg7 5. f4 d6 6. Nf3 e6 7. O-O Nge7 8. c3 f5
9. Be3 b6 10. exf5 Nxf5 11. Bf2 Qc7 12. Re1 h6 13. d4 cxd4 14. Nxd4 Nfxd4 15.
cxd4 Kf7 16. Nc3 d5 17. Nxd5 exd5 18. Bxd5+ Kf8 19. Qf3 Bb7 20. Rac1 Qd7 21.
Bxc6 Bxc6 22. Rxc6 Rd8 23. Qa3+ Kf7 24. Qb3+ Kf8 25. Qb4+ Kf7 26. Qc4+ Kf8 27.
Rc7 Qd5 28. Qxd5 Rxd5 29. Rxa7 Rg8 30. Rc1 Bf6 31. Kg2 g5 32. Rcc7 Bd8 33. Rf7+
Ke8 34. fxg5 Bxg5 35. Kf3 Rg6 36. Ke4 Rb5 37. b3 Re6+ 38. Kd3 Be7 39. Rf3 Rd5
40. Re3 Kf7 41. Rxe6 Kxe6 42. Ke4 Rd8 43. d5+ Kf6 44. Bd4+ Kf7 45. Bxb6 1-0